Memorias : La Justicia administrativa en México : actualidad y perspectiva /

Spremljeno u:
Bibliografski detalji
Autor kompanije: Aniversario del Tribunal de lo Contencioso Administrativo del Estado de Jalisco ( Guadalajara, México)
Format: Izvještaj sastanka Knjiga
Jezik:španjolski
Teme:
Oznake: Dodaj oznaku
Bez oznaka, Budi prvi tko označuje ovaj zapis!

MARC

LEADER 00000nam^a2200000^a^4500
001 000063964
005 20250521000000.0
009 20260310091047.493
037 |a Acervo ITESO - Biblioteca 
041 |a ESP 
082 |a 342. 066  |b ANI 
111 |a Aniversario del Tribunal de lo Contencioso Administrativo del Estado de Jalisco (  |n 13° :  |d 1997 :  |c Guadalajara, México) 
245 1 0 |a Memorias :  |b La Justicia administrativa en México : actualidad y perspectiva /  |c Aniversario del Tribunal de lo Contencioso Administrativo del Estado de Jalisco ; pról. de Federico Cárdenas Pérez. 
264 |a Guadalajara, México :  |b Poder Judicial del Estado de Jalisco, Tribunal de lo Contencioso Administrativo,  |c 1997 
300 |a 63 p. 
336 |a texto  |b txt  |2 rdacontenido 
337 |a sin mediación  |b n  |2 rdamedio 
338 |a volumen  |b nc  |2 rdasoporte 
649 |a XX 
650 |a Recurso Contencioso Administrativo -  |z México 
650 |a Derecho Procesal Administrativo -  |z Jalisco 
650 |a Derecho Administrativo 
650 |a Derecho Público 
910 |a Fondo General 
920 |a Impresos - Libros 
930 |a Colección General 
905 |a 101 
901 |a 0500017781  |b IT1  |c ACC  |u 20250521 
902 |a https://opac.biblio.iteso.mx/vufind/Record/000063964